000 00844cab a22002415a 4500
001 L154920
008 110712s2011 xxk 000 0 eng d
020 _a9781908604187
035 _a(Sirsi) u154920
041 0 _aeng
100 1 _aHarris, Clare
245 0 0 _aProperty law and practice
_b2011/2012
_h[old edition]
260 _aGuildford
_bCollege of Law Publishing
_c2011
300 _aeBook
520 _aThis book covers property law and practice during the period of 2011 to 2012.
590 _aKA
650 2 4 _aEBOOK
651 4 _aUnited Kingdom
690 _aProperty management
_96262
700 1 _aRodell, Anne
856 4 0 _uhttps://www.rics.org/profession-standards/knowledge-and-information-services
_zThis etitle has been digitally archived, newer edition available please contact [email protected]
942 _n0
_2ddc
999 _c113236
_d113236